Arabic Loanwords - Statistics

General Stats
  • This quiz has been taken 46 times
  • The average score is 18 of 30
Answer Stats
Description Answer % Correct
Beverage brewed from grown beans; contains caffeine Coffee
95%
Tallest land animal Giraffe
93%
Piece of furniture designed to hold 2+ people, also called a couch Sofa
88%
A number representing an empty quantity; nothing Zero
88%
The U.A.E. is made up of 7 of these. Emirate
83%
Chemical compound used in beer, wine, or spirits Alcohol
80%
The pilgrimage to Mecca Hajj
80%
Fruit that is also the name of a major color Orange
80%
A journey to view or hunt animals, common in Africa Safari
80%
People preserved by embalming, common in ancient Egypt Mummy
78%
Dish made from ground chickpeas, often paired with pita Hummus
75%
Meat and/or vegetables grilled on skewer or spit Kebab
75%
Title of the Ottoman Empire Sultan
75%
Study of producing gold from common metals; the elements Alchemy / Chemistry
73%
Fruit similar to a peach Apricot
70%
Orange-yellow spice from the stigma of crocus plants Saffron
70%
Sweet, white powder dubbed "white gold" Sugar / Sucrose
68%
Fried, battered ball of meat made of fava beans or chickpeas Falafel
58%
A shiny, glossy, smooth, or lustrous fabric Satin
53%
Circular container used for storing and preserving food Jar
48%
Group of people traveling together Caravan
45%
A women's quarters in a large household; forbidden Harem
45%
Sun-dried bricks of mud Adobe
35%
An object with religious or magical powers Talisman
35%
A successor to Muhammad Caliph
33%
A high-ranking political advisor Vizier
33%
Small fox native to North Africa Fennec
30%
A tribal chief or elder Sheikh
23%
A horizontal angle from a cardinal direction Azimuth
13%
An unplanned, fortunate discovery Serendipity
13%
No matching quizzes found
Score Distribution
Percent of People with Each Score
Percentile by Number Answered
Your Score History
You have not taken this quiz